Data preparation for data mining (Record no. 15759)

MARC details
000 -LEADER
fixed length control field 00863nam a2200313Ia 4500
003 - CONTROL NUMBER IDENTIFIER
control field OSt
005 - DATE AND TIME OF LATEST TRANSACTION
control field 20220912144702.0
008 - FIXED-LENGTH DATA ELEMENTS--GENERAL INFORMATION
fixed length control field 220909b |||||||| |||| 00| 0 eng d
020 ## - INTERNATIONAL STANDARD BOOK NUMBER
International Standard Book Number 1558605290 (Pbk)
020 ## - INTERNATIONAL STANDARD BOOK NUMBER
International Standard Book Number SL00859511
037 ## - SOURCE OF ACQUISITION
Terms of availability Textual
040 ## - CATALOGING SOURCE
Original cataloging agency CSL
Language of cataloging eng
Transcribing agency CSL
041 ## - LANGUAGE CODE
Language code of text/sound track or separate title eng
100 ## - MAIN ENTRY--PERSONAL NAME
Personal name Pyle Dorian
245 #0 - TITLE STATEMENT
Title Data preparation for data mining
260 ## - PUBLICATION, DISTRIBUTION, ETC.
Place of publication, distribution, etc. San
Name of publisher, distributor, etc. Francisco Morgan Kaufmann Pub.
Date of publication, distribution, etc. 1999
300 ## - PHYSICAL DESCRIPTION
Extent xix,540p. Including CD-ROM
500 ## - GENERAL NOTE
General note Appendix 505-507p.; Reference 509-511p.; Index 513-535p.
650 ## - SUBJECT ADDED ENTRY--TOPICAL TERM
Topical term or geographic name entry element Data Mining
650 ## - SUBJECT ADDED ENTRY--TOPICAL TERM
Topical term or geographic name entry element Database Management
700 ## - ADDED ENTRY--PERSONAL NAME
Personal name Pyle Dorian
942 ## - ADDED ENTRY ELEMENTS (KOHA)
Classification part D65,8(B),27, N9
Koha item type Textual
Source of classification or shelving scheme Colon Classification (CC)

No items available.

Copyright @ Delhi University Library System